Madison Beer Songs A-Z - Statistics

General Stats
  • This quiz has been taken 132 times
  • The average score is 12 of 19
Answer Stats
Letter Song % Correct
S Say It to My Face | Selfish | Showed Me | Silence Between Songs | Something Sweet | Sour Times | Spinnin | Stained Glass | Stay Numb And Carry On | Sweet Relief
95%
B Baby | Blame It on Love | Blue | BOYSHIT
90%
H HeartLess | Homesick | Home To Another One | Home with You | Hurts Like Hell
85%
R Reckless | Room For You | Ryder
84%
D Dangerous | Dead | Dear Society | Default
83%
M Make You Mine | Melodies | MORE
82%
E Effortlessly | Emotional Bruises | Envy the Leaves | Everything Happens For A Reason
81%
# 15 MINUTES | 17
75%
G Good In Goodbye
68%
F Follow The White Rabbit | Fools
65%
T Teenager in Love | The Beginning | Tyler Durden
65%
A All Day And Night | All For Love | At Your Worst
60%
I I Have Never Felt More Alive | Interlude | I Wonder | I Won't Let You Walk Away
59%
C Carried Away | Channel Surfing / The End
52%
K King of Everything
52%
N Nothing Matters But You
36%
P POP/STARS
33%
U Unbreakable
33%
V VILLAIN
26%
No matching quizzes found
Score Distribution
Percent of People with Each Score
Percentile by Number Answered
Your Score History
You have not taken this quiz